| 000 | 00547nam a2200145 i 4500 | ||
|---|---|---|---|
| 001 | 29279 | ||
| 003 | ES-MaACL | ||
| 007 | t| | ||
| 008 | 030121s1921 sp ||||1| spa d | ||
| 100 | 1 |
_aBallester y Castell, Rafael. _925027 |
|
| 245 | 1 | 0 |
_aBibliografía de la historia de España _b: catálogo metódico y cronológico de las fuentes y obras principales relativas a la historia de España / _cRafael Ballester y Castell. |
| 260 |
_aGerona : _b[s.n., _c1921] ( _eBarcelona : _fLux) |
||
| 300 |
_aXVI, 297 p. ; _c22 cm. |
||
| 852 |
_aES-MaACL _jB-1852 |
||
| 999 |
_c29279 _d29279 |
||